Taylor Swift Songs - Statistics

General Stats
  • This quiz has been taken 477 times
  • The average score is 64 of 96
Answer Stats
Hint Answer % Correct
Fearless Fearless
91%
Red Red
91%
Fearless Love Story
90%
Taylor Swift Tim McGraw
90%
Speak Now (Extended Version) Ours
89%
Speak Now Speak Now
89%
Taylor Swift Our Song
85%
Fearless You Belong With Me
85%
1989 Blank Space
84%
Speak Now Mean
83%
Speak Now Mine
83%
Taylor Swift Teardrops On My Guitar
83%
Speak Now Back To December
82%
Red I Knew You Were Trouble
82%
1989 Style
82%
1989 Welcome To New York
82%
Red 22
81%
Fearless Fifteen
81%
Taylor Swift Picture To Burn
81%
1989 Shake It Off
81%
Red We Are Never Ever Getting Back Together
81%
Red All Too Well
79%
Fearless White Horse
79%
1989 Bad Blood
78%
Speak Now Enchanted
78%
Speak Now Sparks Fly
78%
Speak Now Dear John
77%
1989 Out Of The Woods
77%
1989 Clean
76%
1989 Wildest Dreams
76%
Speak Now Long Live
73%
1989 (Deluxe) New Romantics
73%
Red Stay Stay Stay
73%
Speak Now Haunted
72%
Fearless Hey Stephen
72%
Taylor Swift Mary's Song (Oh My My My)
72%
The Hunger Games (Songs From District 12 and Beyond) Safe and Sound
72%
1989 All You Had To Do Was Stay
70%
Red Begin Again
70%
Red Everything Has Changed (feat. Ed Sheeran)
70%
1989 How You Get The Girl
70%
Taylor Swift Should've Said No
70%
Speak Now The Story Of US
70%
Speak Now Better Than Revenge
69%
Fearless Forever and Always
68%
Fearless (Platinum Edition) Forever and Always [Piano Version]
68%
Speak Now Last Kiss
68%
Speak Now Never Grow Up
68%
Red State Of Grace
68%
Fearless Breathe (feat. Colbie Caillat)
67%
1989 I Know Places
67%
Speak Now Innocent
67%
Red Treacherous
67%
1989 This Love
66%
1989 (Deluxe) Wonderland
66%
Fearless Change
65%
Red Starlight
64%
1989 I Wish You Would
63%
Fearless The Best Day
63%
Red Holy Ground
62%
Taylor Swift Cold As You
61%
Hannah Montana: The Movie (Original Motion Picture Soundtrack) Crazier
61%
Red I Almost Do
61%
Red The Last Time (feat. Gary Lightbody)
61%
Fearless The Way I Loved You
61%
1989 (Deluxe) You Are In Love
61%
Taylor Swift Stay Beautiful
60%
Speak Now (Extended Version) Superman
60%
The Hunger Games (Songs From District 12 and Beyond) Eyes Open
59%
Speak Now (Extended Version) If This Was A Movie
59%
Red Sad Beautiful Tragic
59%
Red The Lucky One
58%
Taylor Swift Tied Together With A Smile
58%
Fearless You're Not Sorry
58%
Taylor Swift Invisible
57%
Fearless (Platinum Edition) Jump Then Fall
57%
Red (Deluxe Version) Girl At Home
56%
Taylor Swift A Place In This World
55%
Red (Deluxe Version) Come Back... Be Here
55%
Taylor Swift I'm Only Me When I'm With You
55%
Red (Deluxe Version) The Moment I Knew
55%
Taylor Swift The Outside
55%
Fearless (Platinum Edition) Superstar
54%
Valentines Day (Original Motion Picture Soundtrack) Today Was A Fairytale
54%
Fearless Tell Me Why
53%
Fearless (Platinum Edition) Come In With The Rain
51%
Fearless (Platinum Edition) Untouchable
51%
Fearless (Platinum Edition) The Other Side Of The Door
50%
Taylor Swift A Perfectly Good Heart
45%
Strange Clouds (B.o.B) Both Of Us
45%
One Chance (Original Motion Picture Soundtrack) Sweeter Than Fiction
45%
Two Lanes of Freedom (Tim McGraw) Highway Don't Care
41%
Love Drunk (Boys Like Girls) Two Is Better Than One
34%
Battle Studies (John Mayer) Half Of My Heart
29%
Kellie Pickler (Kellie Pickler) Best Days Of Your Life
17%
Hope For Haiti Now Breathless
14%
No matching quizzes found
Score Distribution
Percent of People with Each Score
Percentile by Number Answered
Your Score History
You have not taken this quiz